Score 0/7 Timer 03:00
0 Plays Today
Question Answer Wrong Answers
The United Kingdom terminates their protectorate over ______, which is a semi-autonomous region off the coast of mainland Tanzania today.
1963
Zanzibar
84.4%
Maghreb
3.2%
Réunion
5.5%
Saint Helena
5.2%
This David Lean film, starring Peter O'Toole in the title role, premieres in London.
1962
Lawrence of Arabia
77.9%
Goodbye, Mr. Chips
3.4%
Dr. Strangelove
8.4%
Doctor Zhivago
9.2%
In front of the Youth Cultural Center in Ulaanbaatar, Tsakhiagiin Elbegdorj announces the establishment of the ______ Democratic Union at the country's first open pro-democracy public demonstration.
1989
Mongolian
61.4%
Nepalese
11.2%
Cambodian
14.1%
Malaysian
11.1%
The Treaty of Paris is signed, formally ending this conflict.
1898
Spanish–American War
60.4%
Mexican Revolution
3.3%
Austro-Prussian War
18.4%
Crimean War
17.4%
Major General William Tecumseh Sherman’s Union Army troops reach the outer Confederate defenses of this coastal Georgia city, beginning a 12 day siege.
1864
Savannah
58.6%
Atlanta
30.4%
Augusta
7.8%
Marietta
3%
This American poet, known for her unconventional writing style and reclusive lifestyle, is born.
1830
Emily Dickinson
57.7%
Sylvia Plath
13.6%
Elizabeth Barrett Browning
8%
Virginia Woolf
20.6%
Prime Minister of Israel ______ and President of Egypt Anwar Sadat are jointly awarded the Nobel Peace Prize for their peace negotiations.
1978
Menachem Begin
48.9%
David Ben-Gurion
13.9%
Golda Meir
19.6%
Ariel Sharon
15.7%
Remove Ads.
Support Sporcle.
Get the best of Sporcle when you Go Orange. This ad-free experience offers more features, more stats, and more fun while also helping to support Sporcle. Thank you for becoming a member.

You're not logged in!

Compare scores with friends on all Sporcle quizzes.
OR
Log In

Show Comments

Extras

Top Quizzes Today


Score Distribution

Your Account Isn't Verified!

In order to create a playlist on Sporcle, you need to verify the email address you used during registration. Go to your Sporcle Settings to finish the process.

Report this User

Report this user for behavior that violates our Community Guidelines.

Details: